Schémata elektrického zapojení jednostopových vozidel

Bibliographic Details
Main Author: Cholevík, Jaroslav (Author)
Format: Book
Language:Undetermined
PhysicalDescription:213 s.
Published: Praha Nadas 1968

MARC

LEADER 00000nam a2200000 a 4500
001 vtls001332809
003 SK-MaSNL
005 20260302070556.0
008 240314s1968 xx 0 und
035 |a SNK000285715 
040 |a SNK  |b slo  |c SNK  |e AACR2 
100 1 |a Cholevík, Jaroslav  |4 aut  |9 286050 
245 1 0 |a Schémata elektrického zapojení jednostopových vozidel 
260 |a Praha  |b Nadas  |c 1968 
300 |a 213 s. 
852 |a Štátna vedecká knižnica v Banskej Bystrici 
958 |a OND 
999 |c 1147921  |d 1149851 
952 |t P60, <04>, [BOOK], {604}  |a SNK  |b SNK  |y VYP  |7 0  |p 17A0143987  |o snkSD 42104 D1  |0 0  |1 0  |4 0  |d 1998-05-30  |l 0  |r 2005-01-02 00:00:00  |w 2026-02-24 
952 |a SNK  |b SNK  |y PREZ  |7 0  |p 17A0941005  |o snkSD 42104   |0 0  |1 0  |4 0  |d 2013-08-15  |l 0  |r 2026-02-24 19:54:06  |w 2026-02-24